00285nam a2200109Ia 4500008004100000041000800041082001700049100001500066245006300081260002400144365000700168230303s9999 xx 000 0 und d aeng a621.3192 SAY aSAY (M.G.) aThe Performance and Design of Alternating Current Machines aNew DelhibCBS Pub. cRS